ბათუმის შოთა რუსთაველის სახელმწიფო უნივერსიტეტის ბიბლიოთეკა

Molekular biology of the gene. (ბიბ.ჩანაწერი № 35574)

000 -LEADER
fixed length control field 00505nam a2200217Ia 4500
001 - CONTROL NUMBER
control field 1436
003 - CONTROL NUMBER IDENTIFIER
control field GE_BSU
008 - FIXED-LENGTH DATA ELEMENTS--GENERAL INFORMATION
fixed length control field 181216s||||||||xx |||||||||||||| ||und||
040 ## - CATALOGING SOURCE
Transcribing agency GE_BSU
080 ## - UNIVERSAL DECIMAL CLASSIFICATION NUMBER
Universal Decimal Classification number 574
100 ## - MAIN ENTRY--PERSONAL NAME
Personal name Watson,James D.
245 ## - TITLE STATEMENT
Title Molekular biology of the gene.
250 ## - EDITION STATEMENT
Edition statement Fourth edition.
260 ## - PUBLICATION, DISTRIBUTION, ETC.
Name of publisher, distributor, etc. Menlo Park,Benjamin.
260 ## - PUBLICATION, DISTRIBUTION, ETC.
Date of publication, distribution, etc. 1988
300 ## - PHYSICAL DESCRIPTION
Extent 1163
653 ## - INDEX TERM--UNCONTROLLED
Uncontrolled term Molekular biology of the gene
653 ## - INDEX TERM--UNCONTROLLED
Uncontrolled term ბიოლოგია
942 ## - ADDED ENTRY ELEMENTS (KOHA)
Koha item type წიგნი
ეგზემპლარები
Withdrawn status Lost status Damaged status Not for loan Date acquired Barcode Date last seen Price effective from Koha item type
        2018-12-17 2020 2018-12-17 2018-12-17 წიგნი